Podnikanie v stavebníctve

Guardado en:
Detalles Bibliográficos
Autor principal: Chodasová, Alena
Autor Corporativo: Ekonomická univerzita v Bratislave. Fakulta podnikového manažmentu
Otros Autores: Kováčová, Eva
Formato: Libro
Lenguaje:eslovaco
Publicado: Bratislava Vydavateľstvo EKONÓM 2006
Materias:
Etiquetas: Agregar Etiqueta
Sin Etiquetas, Sea el primero en etiquetar este registro!

MARC

LEADER 00000nam$a2200000$$$4500
001 0053131
005 20240502071620.3
020 |a 80-225-2269-4 
041 0 |a slo 
044 |a SK 
245 1 0 |a Podnikanie v stavebníctve  |c Alena Chodasová - Eva Kováčová 
264 1 |a Bratislava  |b Vydavateľstvo EKONÓM  |c 2006 
300 |a 134 s. 
610 2 0 |a stavebníctvo 
610 2 0 |a podnikanie 
610 2 0 |a vývoj 
610 2 0 |a výroba stavebná 
610 2 0 |a materiál 
610 2 0 |a podnik stavebný 
610 2 0 |a trh zahraničný 
610 2 0 |a náklady 
610 2 0 |a kalkulácia 
610 2 0 |a vývoj cenový 
610 2 0 |a financovanie 
610 2 0 |a zákony 
610 2 0 |a marketing 
610 2 0 |a životnosť výrobkov 
610 2 0 |a stavby 
610 2 0 |a projekty stavebné 
100 1 |a Chodasová, Alena 
700 1 |a Kováčová, Eva 
710 2 |a Ekonomická univerzita v Bratislave. Fakulta podnikového manažmentu